00858nam a2200193 a 450000100100000000500170001000800410002704000250006808200160009310000480010924500680015726000390022530000200026404900090028495201200029395201140041395201200052799900170064700003209220200930063425.0110712s19-- dr 000 0 spa d aDO-SdBNPbspacBNPHU axxxxbR788h1 aRosa Jiménez, Natalio de lad1943-95821213aEl hombre que se trazó metas /cNatalio de la Rosa Jiménez. aSanto Domingo :b[s. n.],c[199?]. a97 p. ;c22 cm. aBNPD 0010718DSaGRbGRcCTd2011-07-12iLF1l0oxxxx R788hp32092-30r2020-06-25te. 3w2020-06-25yLFDSZNo se presta 0010718PDaPDbPDcCTd2011-07-12iLF1l0oxxxx R788hp32092-10r2020-06-25w2020-06-25yLFPDZNo se presta 0010718PDaPDbPDcCTd2011-07-12iLF1l0oxxxx R788hp32092-20r2020-06-25te. 2w2020-06-25yLFPDZNo se presta c31583d31583